Translation 1 : Phrases and sentences (2013-2014)

Saved in:
Bibliographic Details
Format: Book
Language:Undetermined
Published: 2014
Subjects:
Tags: Add Tag
No Tags, Be the first to tag this record!
Institutions: Trung tâm Học liệu Trường Đại học Cần Thơ
LEADER 00485nam a2200157Ia 4500
001 CTU_238831
008 210402s9999 xx 000 0 und d
082 |a 418.03 
082 |b T772 
245 0 |a Translation 1 : 
245 0 |b Phrases and sentences (2013-2014) 
245 0 |c Vuong Le Thien Thanh (Compiler) 
260 |c 2014 
650 |a Biên dịch và phiên dịch,Translating and interpreting 
910 |a Tuyến 
980 |a Trung tâm Học liệu Trường Đại học Cần Thơ